000 004680000a22001810004500
003 MACL
005 20151231134531.0
008 151231b xxu||||| |||| 00| 0 eng d
040 _aMACL
_cMACL
041 _aEnglish
082 _a347.035/EAS
100 _aEastern Book Company
_925703
245 _aSupreme Court Judgment on Privy Purses
260 _bEastern Book Company
_c1971
_aDelhi
350 _a12.50
650 _aLaw
_925704
942 _cBK
_k347.035/EAS
_2ddc
999 _c37176
_d37176